Statistics for Bible Decoder

Click here to take the quiz!

General Stats

  • This quiz has been taken 289 times
  • The average score is 20 of 42

Answer Stats

HintAnswer% Correct
GFirst book of the Bible; also, beginningGenesis
94%
DDefeated a giant with a sling (and his own sword)David
94%
OThe Alpha and the _____Omega
92%
HKing who tried to kill the baby JesusHerod
88%
LNephew of Abraham; his wife turned to a pillar of saltLot
86%
HThe Kingdom of GodHeaven
79%
WType of men who came to see Jesus' birthWise
78%
S_____ times seventySeven
76%
ECountry to which Joseph and Mary fledEgypt
69%
FOne of the gifts given to JesusFrankincense
69%
DFifth book of the Bible, which culminates in the death of MosesDeuteronomy
66%
A_____ of one's eyeApple
62%
IOther son of AbrahamIsaac
60%
TFirst five books of the Bible, collectivelyTorah
57%
L'Shining one' and jealous angelLucifer
56%
SKing of Israel both of the previous clues had to do withSolomon
56%
RVision that appeared to John on the isle of PatmosRevelation
54%
RBook written by Paul to the people of a major cityRomans
53%
HHell, given a Greek nameHades
53%
GWine press, or garden where Jesus was arrestedGethsemane
45%
HMother of Ishamel of whom Sarah grew jealousHagar
44%
NMother-in-law of Ruth, whose name may mean 'pleasant'Naomi
44%
SFamous playwright who allegedly assisted in the KJV's translationShakespeare
41%
OAuthor of the shortest of the twelve minor prophetic booksObadiah
40%
EPhilosophical book containing the phrase 'under the sun'Ecclesiastes
39%
LCountry whose king sent cedar trees for the temple's constructionLebanon
39%
VPath that Jesus supposedly walked on on his way to his death: ___ DolorosaVia
39%
E'Bone of my bone and flesh of my flesh'Eve
38%
VTwo-word phrase describing the Creation: ____ goodVery
37%
AWicked king and wife of JezebelAhab
34%
ETogether with Nehemiah, priest who rebuilt JerusalemEzra
28%
YModern-day country where Sheba wasYemen
25%
O'I have ________ the world'Overcome
22%
QuoteFor God so loved the world that He gave His only Son
21%
OSemiprecious stone which represents JosephOnyx
21%
TCity to which Jonah sailed to avoid NinevehTarshish
20%
DPhilistine god whose statue fell twice while near the ArkDagon
20%
OKing of Bashan defeated by Moses at the Battle of EdreiOg
17%
OSlave who escaped from Philemon but later returnedOnesimus
17%
OFirst of the judges of IsraelOthniel
14%
NMan whose vineyard was stolen by the last clue beginning with ANaboth
11%
TTranslator who produced the first English BibleTyndale
11%

Score Distribution

Percentile by Number Answered

Percent of People with Each Score

Your Score History

You have not taken this quiz